000 00596cam a2200241 4500
001 30509
003 BD-RjUL
005 20211209051556.0
008 140410s1969 enk 001 0 eng
020 _a0718302710
035 _a(BD-RjUL)30595
040 _aDLC
_cDLC
_dBD-RjUL
_beng
041 _aeng
082 0 0 _a179.3
_bDER 1969
100 1 _aDewar, James.
_992697
245 1 4 _aThe rape of Noah's ark /
260 _aLondon,
_bKimber,
_c1969.
300 _a254 p. :
_c25 cm.
650 0 _aAnimal welfare.
_992698
942 _2ddc
_cBK
999 _c30509
_d30509